[Event "Zhukovsky op"]
[Site "Zhukovsky"]
[Date "2011.02.21"]
[Round "5"]
[White "Shebchenko, Vladimir"]
[Black "Ibragimov, Ali"]
[Result "0-1"]
[WhiteElo "1931"]
[BlackElo "2091"]
[PlyCount "46"]
[EventDate "2011.02.17"]
[EventType "swiss"]
[EventRounds "9"]
[EventCountry "RUS"]
[SourceTitle "CBM 141 Extra"]
[Source "ChessBase"]
[SourceDate "2011.05.03"]
[SourceVersion "1"]
[SourceVersionDate "2011.05.03"]
[SourceQuality "1"]

1. Nf3 d5 2. g3 Nc6 3. Bg2 e5 4. d3 Bg4 5. h3 Be6 6. 0-0 f6 7. e4 d4 8. c3 Qd7 9. cxd4 exd4 10. Kh2 g5 11. Qa4 g4 12. hxg4 h5 13. gxh5 Rxh5+ 14. Nh4 Nh6 15. Bxh6 Rxh6 16. Nd2 Bd6 17. Ndf3 0-0-0 18. b4 Rdh8 19. b5 Ne5 20. Kg1 Nxf3+ 21. Nxf3 Qh7 22. Nh4 Rxh4 23. gxh4 Bh2+ 0-1

[Event "Zhukovsky op-B 05"]
[Site "Zhukovsky"]
[Date "2010.05.14"]
[Round "8"]
[White "Shebchenko, Vladimir"]
[Black "Kuznetsov, Yuriy"]
[Result "0-1"]
[WhiteElo "1942"]
[BlackElo "1784"]
[PlyCount "36"]
[EventDate "2010.05.14"]
[EventType "swiss"]
[EventRounds "9"]
[EventCountry "RUS"]
[SourceTitle "EXT 2022"]
[Source "ChessBase"]
[SourceDate "2021.10.06"]
[SourceVersion "1"]
[SourceVersionDate "2021.10.06"]
[SourceQuality "1"]

1. Nf3 Nf6 2. d4 e6 3. c4 d5 4. Nc3 c6 5. e3 Nbd7 6. cxd5 exd5 7. Bd3 Bd6 8. 0-0 0-0 9. Bd2 Re8 10. Rc1 Nf8 11. Ne2 Ne4 12. Ng3 Bg4 13. Be2 Qd7 14. Nxe4 Rxe4 15. Qb3 Ng6 16. Bb4 Bf4 17. Bd3 Bxf3 18. gxf3 Qh3 0-1

[Event "Zhukovsky op-B 05"]
[Site "Zhukovsky"]
[Date "2010.05.14"]
[Round "7"]
[White "Shebchenko, Vladimir"]
[Black "Leschenko, Wjatcheslaw"]
[Result "1-0"]
[WhiteElo "1942"]
[BlackElo "1625"]
[PlyCount "49"]
[EventDate "2010.05.14"]
[EventType "swiss"]
[EventRounds "9"]
[EventCountry "RUS"]
[SourceTitle "EXT 2022"]
[Source "ChessBase"]
[SourceDate "2021.10.06"]
[SourceVersion "1"]
[SourceVersionDate "2021.10.06"]
[SourceQuality "1"]

1. Nf3 c6 2. g3 Qa5 3. Bg2 d6 4. 0-0 g5 5. b4 Qxb4 6. Nxg5 Bg7 7. c3 Qb6 8. e4 h6 9. Nf3 Nd7 10. d4 e5 11. Ba3 Qc7 12. Nbd2 Nb6 13. Rc1 Bg4 14. Qb3 Be6 15. Qc2 Nc4 16. Nxc4 Bxc4 17. Rfd1 0-0-0 18. dxe5 dxe5 19. Rxd8+ Qxd8 20. Rd1 Qb6 21. Bd6 h5 22. Nxe5 Bxe5 23. Bxe5 Rh7 24. Qd2 Be6 25. Qd6 1-0

[Event "Zhukovsky-chB"]
[Site "Zhukovsky"]
[Date "2010.04.01"]
[Round "3"]
[White "Shebchenko, Vladimir"]
[Black "Kuznetsov, Yuriy"]
[Result "1/2-1/2"]
[WhiteElo "1965"]
[BlackElo "1760"]
[PlyCount "70"]
[EventDate "2010.04.01"]
[EventType "swiss"]
[EventRounds "9"]
[EventCountry "RUS"]
[SourceTitle "EXT 2022"]
[Source "ChessBase"]
[SourceDate "2021.10.06"]
[SourceVersion "1"]
[SourceVersionDate "2021.10.06"]
[SourceQuality "1"]

1. Nf3 Nf6 2. g3 d5 3. Bg2 g6 4. 0-0 Bg7 5. d3 0-0 6. Nbd2 Nc6 7. c3 h6 8. Qc2 a5 9. a4 e5 10. e4 dxe4 11. Nxe4 Nxe4 12. dxe4 Be6 13. Be3 Qe7 14. Rfd1 Rfd8 15. Nd2 Rd7 16. Bf1 Rad8 17. f3 Kh7 18. Nb3 Rxd1 19. Rxd1 Rxd1 20. Qxd1 b6 21. Bb5 Qd8 22. Qc2 Na7 23. Be2 Nc8 24. Nd2 Nd6 25. b4 Bf8 26. bxa5 bxa5 27. c4 Nb7 28. c5 Bxc5 29. Bxc5 Nxc5 30. Qxc5 Qxd2 31. Kf1 Qd4 32. Qxa5 c5 33. Qc7 Qa1+ 34. Kf2 Qxa4 35. Qxc5 Qa1 1/2-1/2

[Event "Zhukovsky op-A"]
[Site "Zhukovsky"]
[Date "2008.11.28"]
[Round "3"]
[White "Marchukov, Dmitriy"]
[Black "Shebchenko, Vladimir"]
[Result "1/2-1/2"]
[WhiteElo "2108"]
[BlackElo "1939"]
[PlyCount "64"]
[EventDate "2008.11.28"]
[EventType "swiss"]
[EventRounds "9"]
[EventCountry "RUS"]
[SourceTitle "EXT 2022"]
[Source "ChessBase"]
[SourceDate "2021.10.06"]
[SourceVersion "1"]
[SourceVersionDate "2021.10.06"]
[SourceQuality "1"]

1. c4 g6 2. d4 Nf6 3. Nc3 Bg7 4. e4 d6 5. Nf3 0-0 6. Be2 e5 7. Bg5 h6 8. Be3 Nc6 9. Qd2 Ng4 10. h3 Nxe3 11. fxe3 f5 12. 0-0-0 f4 13. dxe5 dxe5 14. Qe1 Bd7 15. Nh4 Qe8 16. Nxg6 Qxg6 17. Rxd7 fxe3 18. Bf3 Rf7 19. Rd3 Nd4 20. Rxe3 c6 21. Kb1 Rd8 22. Rd3 Rfd7 23. Bg4 Rd6 24. Rg3 Qf7 25. b3 Rf6 26. Qd1 Qe7 27. Rd3 Rdf8 28. Ne2 Rf2 29. Nxd4 exd4 30. Bf3 Qa3 31. Rd2 Rxd2 32. Qxd2 d3 1/2-1/2

[Event "Zhukovsky Elo-C"]
[Site "Zhukovsky"]
[Date "2008.01.20"]
[Round "9"]
[White "Shebchenko, Vladimir"]
[Black "Ivanov, Egor"]
[Result "0-1"]
[WhiteElo "1949"]
[BlackElo "2037"]
[PlyCount "83"]
[EventDate "2008.01.02"]
[EventType "tourn"]
[EventRounds "9"]
[EventCountry "RUS"]
[SourceTitle "EXT 2010"]
[Source "ChessBase"]
[SourceDate "2010.11.25"]
[SourceVersion "1"]
[SourceVersionDate "2010.11.25"]
[SourceQuality "1"]

1. Nf3 Nf6 2. g3 e6 3. Bg2 d5 4. 0-0 Be7 5. d3 0-0 6. Nbd2 c6 7. c3 Nbd7 8. e4 Qc7 9. Re1 dxe4 10. dxe4 e5 11. a4 Nc5 12. Qc2 Rd8 13. b4 Nd3 14. Re3 Nxc1 15. Rxc1 a5 16. bxa5 Rxa5 17. Rb1 Be6 18. Ng5 Bc8 19. Ngf3 h6 20. Nc4 Rc5 21. Nb6 Be6 22. Ne1 Ra5 23. Nd3 Ng4 24. Re2 Ra6 25. a5 Rxa5 26. h3 Nf6 27. c4 Ra3 28. Re3 Rd4 29. c5 Nd7 30. Nxd7 Rxd7 31. h4 f6 32. Bf3 Rd4 33. Bg2 Bc4 34. Nxe5 Ra2 35. Qc3 fxe5 36. Rb4 Rd1+ 37. Kh2 Be6 38. Rf3 Rdd2 39. Kg1 Bf6 40. Rb1 Bg4 41. Rd3 Rxf2 42. Bf1 0-1

[Event "Zhukovsky op"]
[Site "Zhukovsky"]
[Date "2008.??.??"]
[Round "3"]
[White "Kuznetsov, Yuri"]
[Black "Shebchenko, Vladimir"]
[Result "1/2-1/2"]
[WhiteElo "2022"]
[BlackElo "1946"]
[PlyCount "114"]
[EventDate "2008.08.22"]
[EventType "swiss"]
[EventRounds "9"]
[EventCountry "RUS"]
[SourceTitle "CBM 126 Extra"]
[Source "ChessBase"]
[SourceDate "2008.11.05"]
[SourceVersion "1"]
[SourceVersionDate "2008.11.05"]
[SourceQuality "1"]

1. d4 Nf6 2. c4 g6 3. g3 Bg7 4. Bg2 0-0 5. Nf3 d6 6. 0-0 c6 7. Nc3 Nbd7 8. Bg5 h6 9. Bf4 Nh5 10. e4 Nxf4 11. gxf4 e5 12. fxe5 dxe5 13. d5 a5 14. a3 Nc5 15. b3 f5 16. Qc2 fxe4 17. Nxe4 Bf5 18. Nfd2 Qh4 19. Rae1 cxd5 20. cxd5 Rac8 21. Qb1 Rfd8 22. Qa2 Nd3 23. Re3 Nf4 24. d6 Qg4 25. Rg3 Ne2+ 26. Kh1 Nxg3+ 27. hxg3 Rxd6 28. Nxd6 Rc2 29. Qb1 Rxd2 30. Nxf5 gxf5 31. Qc1 Rd8 32. Qc4+ Qxc4 33. bxc4 b6 34. Rb1 Rd6 35. Bd5+ Kf8 36. f3 Ke7 37. Kg2 Kf6 38. a4 h5 39. Kh3 Bh6 40. Rh1 Be3 41. Kg2 Kg5 42. Kh3 Rh6 43. Kg2 h4 44. Rxh4 Rxh4 45. gxh4+ Kxh4 46. Kf1 Kg3 47. Ke2 Kf4 48. Kd3 Bc5 49. Bc6 Kg3 50. Ke2 Bd4 51. Bd5 Kf4 52. Kd3 Bc5 53. Bc6 Kg5 54. Bb7 Kf6 55. Bc8 Kg5 56. Bb7 Kh4 57. Ke2 Bd4 1/2-1/2